00380nam a2200145Ia 4500008004000000020001500040082001300055100001900068245004800087250000500135260004300140300001300183650001900196700001900215210210b1986 xxu||||| |||| 00| 0 eng d a007Y666040 a576 MCKM aMCKANE (Larry) aMicro-Biology: Essentials and applications. a aNew York.bMcGraw-Hill book Co.,c1986 axvi, 777 aMicrobiology  aKANDEL (Judy).